<?xml version="1.0" encoding="UTF-8"?>
<record
    xmlns:xsi="http://www.w3.org/2001/XMLSchema-instance"
    xsi:schemaLocation="http://www.loc.gov/MARC21/slim http://www.loc.gov/standards/marcxml/schema/MARC21slim.xsd"
    xmlns="http://www.loc.gov/MARC21/slim">

  <leader>02567cam a2200301 i 4500</leader>
  <datafield tag="999" ind1=" " ind2=" ">
    <subfield code="c">10332</subfield>
    <subfield code="d">10332</subfield>
  </datafield>
  <controlfield tag="001">961153119</controlfield>
  <controlfield tag="003">OCoLC</controlfield>
  <controlfield tag="005">20241126110730.0</controlfield>
  <controlfield tag="008">170508s2017    miua     b    001 0 eng  </controlfield>
  <datafield tag="010" ind1=" " ind2=" ">
    <subfield code="a">2017010891</subfield>
  </datafield>
  <datafield tag="020" ind1=" " ind2=" ">
    <subfield code="a">9780801049040</subfield>
  </datafield>
  <datafield tag="020" ind1=" " ind2=" ">
    <subfield code="a">0801049040</subfield>
  </datafield>
  <datafield tag="035" ind1=" " ind2=" ">
    <subfield code="a">(OCoLC)961153119</subfield>
  </datafield>
  <datafield tag="040" ind1=" " ind2=" ">
    <subfield code="a">DLC</subfield>
    <subfield code="b">eng</subfield>
    <subfield code="e">rda</subfield>
    <subfield code="c">DLC</subfield>
    <subfield code="d">YDX</subfield>
    <subfield code="d">OCLCO</subfield>
    <subfield code="d">OCLCF</subfield>
    <subfield code="d">IGR</subfield>
    <subfield code="d">TUU</subfield>
    <subfield code="d">YDX</subfield>
    <subfield code="d">PTS</subfield>
    <subfield code="d">ICW</subfield>
    <subfield code="d">LNT</subfield>
  </datafield>
  <datafield tag="042" ind1=" " ind2=" ">
    <subfield code="a">pcc</subfield>
  </datafield>
  <datafield tag="082" ind1=" " ind2=" ">
    <subfield code="a">241.2</subfield>
    <subfield code="b">GAN</subfield>
  </datafield>
  <datafield tag="092" ind1=" " ind2=" ">
    <subfield code="a">241.2</subfield>
    <subfield code="b">G196O</subfield>
  </datafield>
  <datafield tag="100" ind1="1" ind2=" ">
    <subfield code="a">Gane, Roy,</subfield>
    <subfield code="d">1955-</subfield>
    <subfield code="9">15935</subfield>
  </datafield>
  <datafield tag="245" ind1="1" ind2="0">
    <subfield code="a">Old Testament law for Christians :</subfield>
    <subfield code="b">original context and enduring application /</subfield>
    <subfield code="c">Roy E. Gane</subfield>
  </datafield>
  <datafield tag="264" ind1=" " ind2="1">
    <subfield code="a">Grand Rapids, MI :</subfield>
    <subfield code="b">Baker Academic, a division of Baker Publishing Group,</subfield>
    <subfield code="c">c2017</subfield>
  </datafield>
  <datafield tag="300" ind1=" " ind2=" ">
    <subfield code="a">xvi, 448 pages :</subfield>
    <subfield code="b">illustrations ;</subfield>
    <subfield code="c">23 cm</subfield>
  </datafield>
  <datafield tag="504" ind1=" " ind2=" ">
    <subfield code="a">Includes bibliographical references and indexes</subfield>
  </datafield>
  <datafield tag="520" ind1=" " ind2=" ">
    <subfield code="a">"Christians have often neglected the wisdom of the Old Testament laws because they have been viewed as irrelevant, obscure, disturbing, or only useful as "moral laws". In Old Testament Law for Christians, Roy E. Gane, a leading evangelical expert in biblical law, helps readers understand the Old Testament law, how it functioned in the Old Testament, and how it is and is not instructive for contemporary Christians. This is accomplished by providing a detailed explanation of the law's purpose, as well as looking at the literary and historical background of ancient Israel. Gane proceeds to analyze extensively both the application and value of the Old Testament law. The aim of this work is to aid Christians, especially those who teach others, in understanding how Old Testament laws reveal wise and enduring values and principles, even when certain laws might not directly apply to us today." -- !c From publisher's description</subfield>
  </datafield>
  <datafield tag="520" ind1=" " ind2=" ">
    <subfield code="a">"The Old Testament law is foundational for our understanding of the Bible, but for many it remains some of the Old Testament's most foreign and exotic material. This book by a leading evangelical expert in biblical law helps readers understand Old Testament law, how it functioned in the Old Testament, and how it is (and is not) instructive for contemporary Christians. The author explicates the often confusing legal system of ancient Israel, differentiates between time-bound cultural aspects of Israelite law and universally applicable aspects of the divine value system, and shows the ethical relevance of Old Testament law for Christians today." -- !c From amazon.com</subfield>
  </datafield>
  <datafield tag="650" ind1=" " ind2="0">
    <subfield code="a">Law (Theology)</subfield>
    <subfield code="9">8574</subfield>
  </datafield>
  <datafield tag="650" ind1=" " ind2="0">
    <subfield code="a">Christianity and law</subfield>
    <subfield code="9">17928</subfield>
  </datafield>
  <datafield tag="942" ind1=" " ind2=" ">
    <subfield code="2">ddc</subfield>
    <subfield code="c">BK</subfield>
  </datafield>
  <datafield tag="952" ind1=" " ind2=" ">
    <subfield code="0">0</subfield>
    <subfield code="1">0</subfield>
    <subfield code="2">ddc</subfield>
    <subfield code="4">0</subfield>
    <subfield code="7">0</subfield>
    <subfield code="a">GBC</subfield>
    <subfield code="b">GBC</subfield>
    <subfield code="c">TH</subfield>
    <subfield code="d">2024-06-21</subfield>
    <subfield code="l">1</subfield>
    <subfield code="o">241.2 GAN</subfield>
    <subfield code="p">016893</subfield>
    <subfield code="r">2025-11-18 10:38:27</subfield>
    <subfield code="s">2025-11-11</subfield>
    <subfield code="t">c.1</subfield>
    <subfield code="w">2024-06-21</subfield>
    <subfield code="y">BK</subfield>
  </datafield>
  <datafield tag="952" ind1=" " ind2=" ">
    <subfield code="0">0</subfield>
    <subfield code="1">0</subfield>
    <subfield code="2">ddc</subfield>
    <subfield code="4">0</subfield>
    <subfield code="7">0</subfield>
    <subfield code="a">GBC</subfield>
    <subfield code="b">GBC</subfield>
    <subfield code="c">TH</subfield>
    <subfield code="d">2024-08-07</subfield>
    <subfield code="l">0</subfield>
    <subfield code="o">241.2 GAN</subfield>
    <subfield code="p">016839</subfield>
    <subfield code="r">2025-05-01 00:00:00</subfield>
    <subfield code="t">c.2</subfield>
    <subfield code="w">2024-08-07</subfield>
    <subfield code="y">BK</subfield>
  </datafield>
  <datafield tag="952" ind1=" " ind2=" ">
    <subfield code="0">0</subfield>
    <subfield code="1">0</subfield>
    <subfield code="2">ddc</subfield>
    <subfield code="4">0</subfield>
    <subfield code="7">0</subfield>
    <subfield code="a">GBC</subfield>
    <subfield code="b">GBC</subfield>
    <subfield code="c">TH</subfield>
    <subfield code="d">2024-11-19</subfield>
    <subfield code="l">0</subfield>
    <subfield code="o">241.2 GAN</subfield>
    <subfield code="p">020840</subfield>
    <subfield code="r">2025-05-01 00:00:00</subfield>
    <subfield code="t">c.3</subfield>
    <subfield code="w">2024-11-19</subfield>
    <subfield code="y">BK</subfield>
  </datafield>
</record>
